| 000 | 00582cam a2200205 4500500 | ||
|---|---|---|---|
| 005 | 20260405003447.0 | ||
| 041 | _afre | ||
| 042 | _adc | ||
| 100 | 1 | 0 |
_aN’Diaye, Aïda _eauthor |
| 245 | 0 | 0 | _aOù en sont-elles ? |
| 260 | _c2022. | ||
| 500 | _a63 | ||
| 690 | _aÉgalité | ||
| 690 | _aEmmanuel Todd | ||
| 690 | _aFemmes | ||
| 690 | _aStatistique | ||
| 690 | _aViolence | ||
| 786 | 0 | _nPhilosophie magazine | 156 | 2 | 2022-02-01 | p. 74-74 | 1951-1787 | |
| 856 | 4 | 1 | _uhttps://shs.cairn.info/magazine-philosophie-magazine-2022-2-page-74?lang=fr&redirect-ssocas=7080 |
| 999 |
_c2067744 _d2067745 |
||